[Event "28th It"]
[Site "Lazarevac YUG"]
[Date "1999.11.08"]
[Round "8"]
[White "Solak,D"]
[Black "Vuckovic,Bo"]
[Result "1/2-1/2"]
[WhiteElo "2457"]
[BlackElo "2433"]

1.e4 c5 2.Nf3 d6 3.d4 cxd4 4.Nxd4 Nf6 5.Nc3 Nc6 6.Bg5 e6 7.Qd2 a6 8.O-O-O Bd7
9.f4 b5 10.Bxf6 gxf6 11.Kb1 Qb6 12.Nf3 O-O-O 13.f5 Kb8 14.g3 Bc8 15.Bh3 h5
16.Rhf1 Bh6 17.Qe1 Ne5 18.fxe6 fxe6 19.Nd4 Ng4 20.Qe2 Be3 21.Nf5 exf5 22.Nd5 Qc5
23.Bxg4 hxg4 24.Nxe3 fxe4 25.Rxf6 d5 26.c3 d4 27.cxd4 Rxd4 28.Rc1 Qe5 29.Rfc6 Bb7
30.R6c5 Qf6 31.Rf5 Qd6 32.Rc2 Rd3 33.Rf1 Qd4 34.Nf5 Qe5 35.Ne3 Qg5 36.Re1 Rhd8
37.Qxg4 Qxg4 38.Nxg4 Rd1+ 39.Rxd1 Rxd1+ 40.Rc1 Rd2 41.Re1 Kc7 42.Kc1 Rg2
43.Rf1 Bc8 44.Rf4 Bxg4 45.Rxg4 e3 46.Re4 Rxh2 47.Rxe3 Rg2 48.a3 a5 49.Rd3 a4
50.b3 axb3 51.Rxb3 Kb6 52.a4 Ka5 53.axb5 Ka4 54.Rf3 Kxb5 55.Kd1 Kc4 56.Ke1 Kd4
57.Kf1 Ra2 58.Rf2 Rxf2+ 59.Kxf2 Ke4 60.Kg2 Kf5 61.g4+ Kxg4  1/2-1/2

[Event "Chigorin mem"]
[Site "St Petersburg"]
[Date "1999.11.10"]
[Round "9"]
[White "Lukin, Andrei M"]
[Black "Makarov, Marat"]
[Result "1/2-1/2"]
[WhiteElo "2438"]
[BlackElo "2527"]

1.e4 c5 2.Nf3 Nc6 3.d4 cxd4 4.Nxd4 Nf6 5.Nc3 d6 6.Bg5 e6 7.Qd2 a6 8.O-O-O h6
9.Be3 Be7 10.f4 Nxd4 11.Bxd4 b5 12.Kb1 b4 13.Na4 Rb8 14.e5 dxe5 15.Bxe5 Bd7
16.Qe3 Ng4 17.Qa7 Nxe5 18.fxe5 Ra8 19.Qb7 Rb8 20.Qa7  1/2-1/2

[Event "Chigorin mem"]
[Site "St Petersburg"]
[Date "1999.11.10"]
[Round "9"]
[White "Nikanorov, Andrej"]
[Black "Smirnov, Artiom"]
[Result "0-1"]
[WhiteElo "2340"]
[BlackElo "2171"]

1.e4 c5 2.Nf3 Nc6 3.d4 cxd4 4.Nxd4 Nf6 5.Nc3 d6 6.Bg5 e6 7.Be2 Be7 8.h4 a6
9.Qd2 Bd7 10.O-O-O b5 11.Qe3 b4 12.Nxc6 Bxc6 13.Bxf6 gxf6 14.Nb1 Qa5 15.Bc4 Rc8
16.Bb3 Qc7 17.Nd2 Bb5 18.Nf3 a5 19.Nd4 Bd7 20.a4 bxa3 21.Qd3 axb2+ 22.Kxb2 Qb6
23.Ka1 Qb4 24.Rb1 Qa3+ 25.Ba2 Qxd3 26.cxd3 f5 27.e5 dxe5 28.Nb5 e4 29.Bc4 exd3
30.Bxd3 O-O 31.g3 Bf6+ 32.Ka2 Bc6 33.Rhc1 Bd5+ 34.Ka3 Be7+ 35.Ka4 Bb4 36.Na7 Rxc1
37.Rxc1 Rd8 38.Be2 Be4 39.f3 Bd2 40.Rc4 Bd3 41.Bxd3 Rxd3 42.g4 Rxf3 43.Nc6 f4
44.Rd4 Bb4 45.g5 Kg7 46.h5 h6 47.gxh6+ Kxh6 48.Ne5 Rf1 49.Nxf7+ Kxh5 50.Re4 f3  0-1

[Event "28th It"]
[Site "Lazarevac YUG"]
[Date "1999.11.12"]
[Round "12"]
[White "Perunovic,Mil"]
[Black "Vuckovic,Bo"]
[Result "0-1"]
[WhiteElo "2319"]
[BlackElo "2433"]

1.e4 c5 2.Nf3 d6 3.d4 cxd4 4.Nxd4 Nf6 5.Nc3 Nc6 6.Bg5 e6 7.Qd2 a6 8.O-O-O Qb6
9.Nb3 Bd7 10.Kb1 Qc7 11.Bxf6 gxf6 12.f4 b5 13.g3 b4 14.Ne2 a5 15.Nbd4 Rb8
16.Bg2 Be7 17.Rhe1 O-O 18.Nxc6 Bxc6 19.Nd4 Ba8 20.Re3 Kh8 21.Rc1 Qc5 22.Rd3 Rfc8
23.g4 Rg8 24.Rg3 Bf8 25.h4 a4 26.g5 Bg7 27.Ne2 f5 28.exf5 Bxg2 29.Rxg2 b3
30.cxb3 Qxf5+ 31.Qc2 axb3 32.axb3 Rxb3 33.Nc3 Rxc3 34.bxc3 Rb8+ 35.Ka1 Qa5+
36.Qa2 Bxc3+  0-1

[Event "ch-ESP (team) Div 2"]
[Site "Cala Galdana ESP"]
[Date "1999.11.14"]
[Round "7"]
[White "Grau Carreras,M"]
[Black "Draghici,G"]
[Result "0-1"]
[WhiteElo "2069"]
[BlackElo "2223"]

1.e4 c5 2.Nf3 Nc6 3.d4 cxd4 4.Nxd4 Nf6 5.Nc3 d6 6.Bg5 e6 7.Be2 Be7 8.O-O O-O
9.Nb3 a6 10.a4 b6 11.Qd2 Qc7 12.Rad1 Rd8 13.Bf4 Bb7 14.Bg3 Rac8 15.f4 Nb4
16.Bf3 d5 17.e5 Ne4 18.Bxe4 dxe4 19.Qe2 Nd5 20.Be1 Qc6 21.a5 b5 22.Nxd5 Rxd5
23.c3 Rxd1 24.Qxd1 Qc4 25.Nd4 Qd5 26.Qe2 b4 27.Qg4 bxc3 28.bxc3 Bb4 29.Nxe6 fxe6
30.cxb4 Rc2 31.Rf2 Rc1 32.Re2 Qd4+ 33.Kf1 Bd5 34.Qh5 h6 35.Qe8+ Kh7 36.f5 exf5
37.Qh5 Qxe5 38.Kf2 Qf4+ 39.Kg1 Bc4 40.g3 Qe5 41.Re3 g6 42.Qh4 g5 43.Qh3 Kg6
44.Qg2 Qd4 45.Qf2 Bd3 46.Kh1 Qxb4 47.Kg2 Qc4 48.h4 Rc2 49.Bd2 Qa2 50.h5+ Kf6
51.Rxd3 exd3 52.Qd4+ Ke6 53.Qb6+ Ke7 54.Qa7+ Kd6 55.Qb6+ Rc6 56.Qb8+ Kd7
57.Qa7+ Rc7 58.Qd4+ Kc8 59.Qxd3 Qe6 60.Kh2 Rc4 61.Qf3 Re4 62.Qc3+ Rc4 63.Qh8+ Kc7
64.Kg1 Qd6 65.Qh7+ Kc6 66.Be1 Rc1  0-1

[Event "Kuban 99"]
[Site "Krasnodar RUS"]
[Date "1999.11.14"]
[Round "2"]
[White "Maiorov,O"]
[Black "Fomichenko,E"]
[Result "0-1"]
[WhiteElo "2458"]
[BlackElo "2409"]

1.e4 c5 2.Nf3 Nc6 3.d4 cxd4 4.Nxd4 Nf6 5.Nc3 d6 6.Bg5 e6 7.Qd2 Be7 8.O-O-O O-O
9.Nb3 Qb6 10.f3 Rd8 11.Nb5 Rd7 12.Be3 Qd8 13.N5d4 Bf8 14.g4 e5 15.Nxc6 bxc6
16.g5 Ne8 17.Na5 Rc7 18.h4 Be6 19.h5 Qb8 20.Qc3 Qc8 21.g6 Rb8 22.f4 Nf6 23.gxh7+ Kh8
24.Bg2 d5 25.fxe5 Bb4 26.Qd3 dxe4 27.Qf1 Ng4 28.h6 g6 29.Bh3 Kxh7 30.Bg5 Qf8
31.Nc4 e3 32.Nxe3 Ba3 33.bxa3 Nxe3 34.Bxe3 Qxa3+ 35.Kd2 Rd8+ 36.Ke2 Bc4+
37.Kf2 Bxf1 38.Rxd8 Bxh3 39.Rxh3 Qe7 40.Rd3 Qxe5 41.Bd4 Qe4 42.Rhf3 Re7 43.Kg3 g5
44.Rde3 Qxd4  0-1

[Event "FSIM November"]
[Site "Budapest HUN"]
[Date "1999.11.17"]
[Round "12"]
[White "Toth,An"]
[Black "Hu Yi"]
[Result "1-0"]
[WhiteElo "2297"]
[BlackElo "2375"]

1.e4 c5 2.Nf3 d6 3.d4 cxd4 4.Nxd4 Nf6 5.Nc3 Nc6 6.Bg5 e6 7.Qd2 Be7 8.f4 a6
9.O-O-O Qc7 10.Bxf6 gxf6 11.g3 b5 12.Kb1 Bb7 13.Bg2 Rc8 14.Nxc6 Qxc6 15.f5 b4
16.Ne2 e5 17.Nc1 a5 18.Rhe1 Qb6 19.Bf1 Rc5 20.Nb3 Rc6 21.Qd5 a4 22.Na5 Rc7
23.Nxb7 Rxb7 24.Bc4 Rf8 25.g4 Ra7 26.Rf1 Ra5 27.Qd3 Rc5 28.Rf3 Rg8 29.Rh3 Rg7
30.Rh6 Kf8 31.Bd5 Qc7 32.Qe2 a3 33.h4 Qd8 34.g5 fxg5 35.Qh5 Kg8 36.hxg5 Bxg5
37.Rxd6 Qc7 38.Bb3 Be7 39.Rd7  1-0

[Event "FSIM November"]
[Site "Budapest HUN"]
[Date "1999.11.18"]
[Round "13"]
[White "Rajlich,V"]
[Black "Toth,An"]
[Result "1-0"]
[WhiteElo "2297"]
[BlackElo "2297"]

1.e4 c5 2.Nf3 d6 3.d4 cxd4 4.Nxd4 Nf6 5.Nc3 Nc6 6.Bg5 e6 7.Qd2 a6 8.O-O-O Bd7
9.f4 b5 10.Bxf6 gxf6 11.Kb1 Qb6 12.Nxc6 Bxc6 13.Qe1 Be7 14.f5 b4 15.Ne2 e5
16.Ng3 Qc5 17.Bd3 h5 18.Qe2 h4 19.Nf1 Bf8 20.Nd2 Bh6 21.Qh5 Ke7 22.Nb3 Qb6
23.Bc4 Raf8 24.Bd5 Bb5 25.Qxh4 a5 26.Qe1 Rc8 27.h4 Qc7 28.Na1 Qc5 29.Rh3 Rhg8
30.Qg1 Qxg1 31.Rxg1 Rg4 32.a3 Rcg8 33.Rb3 Bd2 34.g3 Rxh4 35.c3 Bd3+ 36.Ka2 bxc3
37.Rb7+ Kd8  1-0

[Event "FSIM November"]
[Site "Budapest HUN"]
[Date "1999.11.18"]
[Round "13"]
[White "Antal,Ge"]
[Black "Dembo,Y"]
[Result "1/2-1/2"]
[WhiteElo "2308"]
[BlackElo "2244"]

1.e4 c5 2.Nf3 Nc6 3.d4 cxd4 4.Nxd4 Nf6 5.Nc3 d6 6.Bg5 e6 7.Qd2 Be7 8.O-O-O O-O
9.Nb3 Qb6 10.f3 Rd8 11.Kb1 Qc7 12.Qe3 a6 13.g4 b5 14.Bxf6 Bxf6 15.g5 Bxc3
16.Qxc3 b4 17.Qd2 a5 18.Nd4 Nxd4 19.Qxd4 Bb7 20.h4 Rac8 21.Rh2 Qc5 22.Rhd2 Qxd4
23.Rxd4 d5 24.f4 Re8 25.e5 Rc5 26.Bd3 Bc6 27.h5 h6 28.Rg1 Kf8 29.g6 fxg6
30.Bxg6 Re7 31.Rf1 Kg8 32.b3 Be8 33.f5 exf5 34.Rxf5 Bxg6 35.hxg6 Re6 36.Rg4 Rc8
37.Rh5 Rce8 38.Rf5 Rxe5 39.Rf7 R8e7 40.Rf3 Re4 41.Rg2 R7e6 42.a3 Rf6 43.Rd3 d4
44.Rd1 Rd6 45.axb4 axb4 46.Kb2 Ree6 47.Rdg1 Kf8 48.Rg3 Ke8 49.Kc1 Kd7 50.Kd2 Kc6
51.Ra1 Kb5 52.Ra7 Rxg6 53.Rxg7 Rxg3 54.Rxg3 Rd5 55.Kd3 Kc5  1/2-1/2

[Event "Eu Team Ch"]
[Site "Batumi GEO"]
[Date "1999.11.30"]
[Round "2"]
[White "Shirov,A"]
[Black "Damljanovic,B"]
[Result "1-0"]
[WhiteElo "2734"]
[BlackElo "2554"]

1.e4 c5 2.Nf3 Nc6 3.d4 cxd4 4.Nxd4 Nf6 5.Nc3 d6 6.Bg5 e6 7.Qd2 a6 8.O-O-O Bd7
9.f3 Rc8 10.h4 h6 11.Be3 h5 12.Nb3 b5 13.Qf2 Qc7 14.Kb1 Rb8 15.Bg5 Ne5 16.f4 Neg4
17.Qf3 b4 18.Ne2 Be7 19.Ng3 a5 20.Nd2 g6 21.Nc4 Bc6 22.Bd3 O-O 23.Qe2 d5
24.exd5 Nxd5 25.Bxg6 fxg6 26.Qxe6+ Kh7 27.f5 gxf5 28.Bxe7 Nxe7 29.Nxh5 Bd5
30.Rxd5 Nxd5 31.Qxd5 Rbd8 32.Qe6 Qf7 33.Nf4 Rd4 34.Ne5 Nxe5 35.Qxe5 Rfd8
36.Rc1 Rd1 37.Ne6 Rxc1+ 38.Kxc1 Rg8 39.Ng5+ Rxg5 40.hxg5 Kg6 41.Qf6+  1-0

[Event "Eu Team Ch (women)"]
[Site "Batumi GEO"]
[Date "1999.12.01"]
[Round "3"]
[White "Arakhamia,K"]
[Black "Tkeshelashvili,S"]
[Result "1-0"]
[WhiteElo "2431"]
[BlackElo "2284"]

1.e4 c5 2.Nf3 Nc6 3.d4 cxd4 4.Nxd4 Nf6 5.Nc3 d6 6.Bg5 e6 7.Qd2 a6 8.O-O-O h6
9.Be3 Bd7 10.f3 b5 11.Nxc6 Bxc6 12.Ne2 Qc7 13.h4 Rc8 14.Kb1 Bb7 15.Rh3 Nd7
16.g4 d5 17.exd5 Bxd5 18.Nf4 Bb7 19.Bd3 Ne5 20.Qe2 Nc4 21.Bc1 Be7 22.Nxe6 fxe6
23.Bg6+ Kf8 24.Qxe6 Nd6 25.Bf4 Qc4 26.Rxd6 Be4 27.Bxe4 Qf1+ 28.Bc1  1-0

[Event "Open"]
[Site "Las Palmas ESP"]
[Date "1999.12.02"]
[Round "2"]
[White "Stefansson,H"]
[Black "Ramos Aguilar,J"]
[Result "1-0"]
[WhiteElo "2584"]
[BlackElo "2211"]

1.e4 c5 2.Nf3 Nc6 3.d4 cxd4 4.Nxd4 Nf6 5.Nc3 d6 6.Bg5 e6 7.Qd2 a6 8.O-O-O h6
9.Be3 Be7 10.f3 Bd7 11.g4 Qc7 12.h4 Nxd4 13.Bxd4 b5 14.Bh3 b4 15.Ne2 Rc8
16.Kb1 e5 17.Be3 g5 18.hxg5 hxg5 19.Ng3 d5 20.exd5 Nxd5 21.Qxd5 Qxc2+ 22.Ka1 Bc6
23.Qxe5 f6 24.Qe6 Bxf3 25.Nf5  1-0

[Event "ch-NED (qualifier KO)"]
[Site "Rotterdam NED"]
[Date "1999.12.04"]
[Round "1.1"]
[White "Nijboer,F"]
[Black "Hoeksema,E"]
[Result "1-0"]
[WhiteElo "2559"]
[BlackElo "2404"]

1.e4 c5 2.Nf3 d6 3.d4 cxd4 4.Nxd4 Nf6 5.Nc3 Nc6 6.Bg5 e6 7.Qd2 a6 8.O-O-O Bd7
9.f3 b5 10.Nxc6 Bxc6 11.Ne2 Be7 12.Nd4 Bb7 13.h4 O-O 14.Kb1 Rc8 15.Bd3 Nd7
16.f4 Nc5 17.Bxe7 Qxe7 18.Qe3 Qc7 19.h5 Rfe8 20.h6 g6 21.Bxb5 axb5 22.Nxb5 Qc6
23.Nxd6 Nxe4 24.Nxe8 Qxe8 25.Rd4 f5 26.Rhd1 Bd5 27.c4 Bc6 28.Qa3 Nf6 29.Qa7 Qf8
30.Rd8 Rxd8 31.Rxd8 Ne8 32.Qb6 Qe7 33.Qd4 g5 34.g3 gxf4 35.gxf4 Kf7 36.a3 Kg6
37.Qg1+ Kxh6 38.Rd2 Nf6 39.Qg5+  1-0

[Event "Eu Team Ch"]
[Site "Batumi GEO"]
[Date "1999.12.05"]
[Round "6"]
[White "Haznedaroglu,K"]
[Black "Krakops,M"]
[Result "0-1"]
[WhiteElo "2187"]
[BlackElo "2530"]

1.e4 c5 2.Nf3 Nc6 3.d4 cxd4 4.Nxd4 Nf6 5.Nc3 d6 6.Bg5 e6 7.Bb5 Bd7 8.Bxc6 bxc6
9.Qf3 h6 10.Bh4 e5 11.Nf5 Bxf5 12.Qxf5 Be7 13.O-O-O Rb8 14.Rd3 g6 15.Qf3 g5
16.Bg3 Nd7 17.Qh5 Qa5 18.h4 Nc5 19.Rf3 Rh7 20.hxg5 Bxg5+ 21.Qxg5 hxg5 22.Rxh7 Rb7
23.Rh8+ Ke7 24.Rh7 Kf8 25.Re3 Na4 26.Nd1 Nb6 27.Ra3 Qe1 28.Re3 Qa5 29.Ra3 Qe1
30.Re3 Qf1 31.Rd3 Rd7 32.Rh2 f6 33.Kd2 Nc4+ 34.Kc3 d5 35.f3 Nb6 36.exd5 Rxd5
37.Rxd5 cxd5 38.Kd2 Nc4+  0-1

[Event "FSIMB December"]
[Site "Budapest HUN"]
[Date "1999.12.05"]
[Round "2"]
[White "Rajlich,V"]
[Black "Balogh,C"]
[Result "0-1"]
[WhiteElo "2297"]
[BlackElo "2235"]

1.e4 c5 2.Nf3 d6 3.d4 cxd4 4.Nxd4 Nf6 5.Nc3 Nc6 6.Bg5 e6 7.Qd2 a6 8.O-O-O Bd7
9.f4 b5 10.Bxf6 gxf6 11.Kb1 Qb6 12.Nxc6 Bxc6 13.Qe1 Ra7 14.f5 h5 15.Qh4 Be7
16.fxe6 fxe6 17.Be2 Qc5 18.Bf3 a5 19.Rhe1 Kd8 20.Qh3 Bd7 21.e5 fxe5 22.Ne4 Qb6
23.Qg3 a4 24.Qg7 Rf8 25.Bxh5 a3 26.b3 Qc6 27.Re3 b4 28.Rf3 Rxf3 29.Bxf3 Qb6
30.h4 Ra5 31.Nf6 Bxf6 32.Qxf6+ Kc7 33.Qg5 e4 34.Qf4 exf3 35.Qxf3 Rf5 36.Qd3 Qc5
37.g4 Rd5 38.Qe2 Qc3  0-1

[Event "Eu Team Ch"]
[Site "Batumi GEO"]
[Date "1999.12.06"]
[Round "7"]
[White "Bauer,Ch"]
[Black "Ivanisevic,I"]
[Result "1-0"]
[WhiteElo "2480"]
[BlackElo "2447"]

1.e4 c5 2.Nf3 d6 3.d4 cxd4 4.Nxd4 Nf6 5.Nc3 Nc6 6.Bg5 e6 7.Qd2 a6 8.O-O-O Nxd4
9.Qxd4 Be7 10.f4 b5 11.Bxf6 gxf6 12.Be2 Rb8 13.Bf3 Qb6 14.Qd2 h5 15.Kb1 Bb7
16.f5 b4 17.Ne2 e5 18.Ng3 h4 19.Nf1 Rc8 20.Ne3 Rc5 21.Qf2 Rc3 22.Rhe1 d5
23.Ka1 dxe4 24.bxc3 exf3 25.gxf3 bxc3 26.Rb1 Qc6 27.Ng4 Bd8 28.Qa7 Bc8 29.Rb8 O-O
30.Rg1 Qd6 31.Qe3 Qd2 32.Rxc8  1-0

[Event "Eu Team Ch"]
[Site "Batumi GEO"]
[Date "1999.12.06"]
[Round "8"]
[White "Grischuk,A"]
[Black "Grosar,A"]
[Result "1/2-1/2"]
[WhiteElo "2549"]
[BlackElo "2446"]

1.e4 c5 2.Nf3 d6 3.d4 cxd4 4.Nxd4 Nf6 5.Nc3 Nc6 6.Bg5 e6 7.Qd2 a6 8.O-O-O Nxd4
9.Qxd4 Be7 10.f4 b5 11.Bxf6 gxf6 12.Be2 Qc7 13.f5 Qc5 14.fxe6 fxe6 15.Qxc5 dxc5
16.Bh5+ Kf8 17.e5 f5 18.g4 Ra7 19.gxf5 exf5 20.Nd5 Bg5+ 21.Kb1 Be6 22.Rhg1 Rd7
23.Rxg5 Rxd5 24.Rxf5+ Ke7 25.Rg5 Rg8 26.Rxg8 Rxd1+ 27.Bxd1 Bxg8 28.Bg4 Be6
29.Bf3 Bf7 30.a4 bxa4 31.Be2 a5 32.Kc1 Bd5 33.Bg4 Be6 34.Bf3 Bc4 35.Kd2 Ke6
36.Kc3 Ba2 37.Be2 Bd5 38.Bb5 Kxe5 39.Bxa4 h5 40.Bb3 Kd6 41.h4 Bxb3 42.Kxb3 Kc6
43.Ka4 Kb6 44.c4 Ka6 45.Kb3 Kb6 46.Kc3 a4 47.b4 axb3 48.Kxb3  1/2-1/2

[Event "Eu Team Ch"]
[Site "Batumi GEO"]
[Date "1999.12.06"]
[Round "8"]
[White "Krakops,M"]
[Black "Palac,M"]
[Result "1/2-1/2"]
[WhiteElo "2530"]
[BlackElo "2610"]

1.e4 c5 2.Nf3 d6 3.d4 cxd4 4.Nxd4 Nf6 5.Nc3 Nc6 6.Bg5 e6 7.Qd2 a6 8.O-O-O Bd7
9.f4 b5 10.Bxf6 gxf6 11.Nxc6 Bxc6 12.Qe1 b4 13.Nd5 a5 14.Bd3 Bg7 15.Ne3 h5
16.Kb1 Qb6 17.Qe2 O-O-O 18.Rhf1 Kb8 19.f5 Qc5 20.g3  1/2-1/2

[Event "Eu Team Ch"]
[Site "Batumi GEO"]
[Date "1999.12.07"]
[Round "8"]
[White "Grischuk,A"]
[Black "Grosar,A"]
[Result "1/2-1/2"]
[WhiteElo "2549"]
[BlackElo "2446"]

1.e4 c5 2.Nf3 d6 3.d4 cxd4 4.Nxd4 Nf6 5.Nc3 Nc6 6.Bg5 e6 7.Qd2 a6 8.O-O-O Nxd4
9.Qxd4 Be7 10.f4 b5 11.Bxf6 gxf6 12.Be2 Qc7 13.f5 Qc5 14.fxe6 fxe6 15.Qxc5 dxc5
16.Bh5+ Kf8 17.e5 f5 18.g4 Ra7 19.gxf5 exf5 20.Nd5 Bg5+ 21.Kb1 Be6 22.Rhg1 Rd7
23.Rxg5 Rxd5 24.Rxf5+ Ke7 25.Rg5 Rg8 26.Rxg8 Rxd1+ 27.Bxd1 Bxg8 28.Bg4 Be6
29.Bf3 Bf7 30.a4 bxa4 31.Be2 a5 32.Kc1 Bd5 33.Bg4 Be6 34.Bf3 Bc4 35.Kd2 Ke6
36.Kc3 Ba2 37.Be2 Bd5 38.Bb5 Kxe5 39.Bxa4 h5 40.Bb3 Kd6 41.h4 Bxb3 42.Kxb3 Kc6
43.Ka4 Kb6 44.c4 Ka6 45.Kb3 Kb6 46.Kc3 a4 47.b4 axb3 48.Kd3  1/2-1/2

[Event "Eu Team Ch (women)"]
[Site "Batumi GEO"]
[Date "1999.12.07"]
[Round "9"]
[White "Hagarova,Z"]
[Black "Peptan,C"]
[Result "0-1"]
[WhiteElo "2328"]
[BlackElo "2419"]

1.e4 c5 2.Nf3 Nc6 3.d4 cxd4 4.Nxd4 Nf6 5.Nc3 d6 6.Bg5 e6 7.Qd2 a6 8.O-O-O h6
9.Be3 Bd7 10.f4 b5 11.Bd3 Qc7 12.Rhe1 Na5 13.e5 dxe5 14.fxe5 Ng4 15.Bg1 Bb4
16.Qf4 Bxc3 17.bxc3 h5 18.Qg5 Qxc3 19.Qxg7 O-O-O 20.Qxf7 Rhf8 21.Qe7 Nf2
22.Kb1 Qxd4 23.c3 Qb6 24.Rd2 Rf4 25.Ree2 Nc4 26.Bxc4 bxc4+ 27.Rb2 Bb5 28.a4 Rd1+
29.Ka2 Rxg1 30.Rxb5 axb5 31.Qe8+ Kb7 32.Rb2 Nd3 33.Qd7+ Ka8 34.Qc8+ Ka7 35.Qd7+ Qb7
36.Qd8 Nxb2 37.Qa5+ Kb8 38.Qd8+ Qc8 39.Qb6+ Ka8 40.Qa5+ Kb7 41.axb5 Qa8  0-1

[Event "Open"]
[Site "Las Palmas ESP"]
[Date "1999.12.08"]
[Round "8"]
[White "Perdomo Abad,J"]
[Black "Ramos Aguilar,J"]
[Result "1-0"]
[WhiteElo "2170"]
[BlackElo "2211"]

1.e4 c5 2.Nf3 d6 3.d4 cxd4 4.Nxd4 Nf6 5.Nc3 Nc6 6.Bg5 e6 7.f3 Be7 8.Qd2 O-O
9.O-O-O Nxd4 10.Qxd4 Qa5 11.h4 Bd7 12.g4 Rfc8 13.Kb1 b5 14.Qd2 b4 15.Ne2 h6
16.Be3 Ba4 17.b3 Bc6 18.Ng3 d5 19.g5 Nd7 20.gxh6 Nc5 21.hxg7 Bf6 22.Bd4 Bxd4
23.Qxd4 dxe4 24.Bc4 Nd7 25.Nxe4 Qe5 26.Rhg1 Bxe4 27.fxe4 Qxd4 28.Rxd4 Ne5
29.Be2 Kh7 30.Rxb4 Rc3 31.Rb5 Ng6 32.Bd3 Rg8 33.Kb2 Rc7 34.e5 Rxg7 35.h5  1-0

[Event "FSIMA December"]
[Site "Budapest HUN"]
[Date "1999.12.12"]
[Round "9"]
[White "Philippe,C"]
[Black "Galianina Ryjanova,J"]
[Result "1-0"]
[WhiteElo "2260"]
[BlackElo "2325"]

1.e4 c5 2.Nf3 Nc6 3.d4 cxd4 4.Nxd4 Nf6 5.Nc3 d6 6.Bg5 e6 7.Qd2 a6 8.O-O-O h6
9.Be3 Qc7 10.f4 Bd7 11.h3 Nxd4 12.Bxd4 Bc6 13.Bd3 Be7 14.g4 e5 15.Be3 b5
16.g5 hxg5 17.fxg5 Nd7 18.g6 fxg6 19.Qg2 Nf8 20.Nd5 Bxd5 21.exd5 Bf6 22.Rhf1 O-O-O
23.Be2 Kb7 24.Rd3 e4 25.Ra3 Ra8 26.Bg5 Qe7 27.Bxf6 gxf6 28.Rf4 f5 29.Qf1 Qe8
30.h4 Nd7 31.h5 gxh5 32.Rxf5 h4 33.Bxb5 axb5 34.Qxb5+ Nb6 35.Rf7+ Qxf7 36.Qc6+ Kb8
37.Qxb6+ Qb7 38.Qxd6+ Qc7 39.Rxa8+ Kxa8 40.Qxc7 h3 41.Qa5+ Kb7 42.Qb4+ Ka8
43.Qc3 Rh7 44.Qc8+ Ka7 45.Qf5 Rh8 46.Qxe4  1-0

[Event "FSIMB December"]
[Site "Budapest HUN"]
[Date "1999.12.14"]
[Round "11"]
[White "Sedlak,N"]
[Black "Weglarz,L"]
[Result "0-1"]
[WhiteElo "2284"]
[BlackElo "2400"]

1.e4 c5 2.Nf3 Nc6 3.d4 cxd4 4.Nxd4 Nf6 5.Nc3 d6 6.Bg5 e6 7.Qd2 a6 8.O-O-O h6
9.Be3 Be7 10.f4 Nxd4 11.Bxd4 b5 12.Qe3 Bb7 13.Bxf6 gxf6 14.Bd3 Qa5 15.Kb1 b4
16.Ne2 Qc5 17.Nd4 a5 18.Qe2 a4 19.Bb5+ Kf8 20.Bc4 Bc8 21.Rhe1 Ra7 22.f5 Rc7
23.Bb5 a3 24.Ba4 Qe5 25.Qb5 Rb7 26.Qc6 Kg7 27.fxe6 fxe6 28.Bb3 Ra7 29.Qc4 Kh7
30.c3 Bd7 31.Nf3 Qc5 32.cxb4 Qxc4 33.Bxc4 Rb8 34.bxa3 Rxa3 35.Kb2 d5 36.exd5 Bxb4
37.dxe6 Bc3+ 38.Kc2 Ba4+ 39.Bb3 Bxe1  0-1

[Event "Young Masters"]
[Site "Groningen NED"]
[Date "1999.12.20"]
[Round "2"]
[White "Navara,D"]
[Black "Werle,J"]
[Result "1/2-1/2"]
[WhiteElo "2406"]
[BlackElo "2216"]

1.e4 c5 2.Nf3 d6 3.d4 cxd4 4.Nxd4 Nf6 5.Nc3 Nc6 6.Bg5 e6 7.Qd2 a6 8.O-O-O h6
9.Bf4 Bd7 10.Nxc6 Bxc6 11.f3 d5 12.Qe1 Bb4 13.a3 Ba5 14.Bd2 O-O 15.e5 Nd7
16.Qg3 Bc7 17.Bf4 Kh8 18.h4 Qb8 19.Re1 d4 20.Nd1 f6 21.Bxh6 gxh6 22.Qg6 Nxe5
23.Qxh6+ Kg8 24.f4 Nd3+ 25.Kb1 Nxe1 26.Qg6+ Kh8 27.Bd3 Nxd3 28.Qh6+  1/2-1/2

[Event "Young Masters"]
[Site "Groningen NED"]
[Date "1999.12.20"]
[Round "2"]
[White "Horvath,Ad"]
[Black "Matnadze,A"]
[Result "1/2-1/2"]
[WhiteElo "2412"]
[BlackElo "2280"]

1.e4 c5 2.Nf3 d6 3.d4 cxd4 4.Nxd4 Nf6 5.Nc3 Nc6 6.Bg5 Bd7 7.Qd2 Rc8 8.O-O-O Nxd4
9.Qxd4 Qa5 10.f4 Rxc3 11.bxc3 e5 12.Qc4 b5 13.Qd3 Ng4 14.fxe5 Nxe5 15.Qd5 Bc6
16.Qd4 Qa3+ 17.Kb1 Be7 18.Bxe7 Kxe7 19.Bd3 Rb8 20.Qb4 Qa6 21.Ka1 Bd7 22.a4 Qxa4+
23.Qxa4 bxa4 24.Rb1 Rc8 25.Rb7 Rxc3 26.Kb2 Rc6 27.Rxa7 Ke6 28.Ra1 Rc5 29.Ra3 Rc8
30.Rc3 Rb8+ 31.Kc1 Rb4 32.Rcc7 Bc6 33.Kd2 Bxe4 34.Kc3 Nxd3 35.cxd3 Rb3+ 36.Kd4 Bg6
37.Re7+ Kf6 38.Re3 a3 39.h4 Rb4+ 40.Kd5 Rxh4 41.Rxa3 Rg4 42.g3 h5 43.Kxd6 Bf5
44.Kc5 Be6 45.d4 Rg5+ 46.Kc6 Rd5 47.Re4 g5 48.Rae3 Ke7 49.Rc3 Rd6+ 50.Kc5 Rd5+
51.Kc4 Kd6 52.Ra3 h4 53.gxh4 gxh4 54.Ra6+ Kd7 55.Raxe6 fxe6 56.Rxh4 Rg5  1/2-1/2

[Event "Open"]
[Site "Groningen NED"]
[Date "1999.12.27"]
[Round "8"]
[White "Solleveld,M"]
[Black "Atalik,S"]
[Result "0-1"]
[WhiteElo "2404"]
[BlackElo "2598"]

1.e4 c5 2.Nf3 d6 3.d4 cxd4 4.Nxd4 Nf6 5.Nc3 Nc6 6.Bg5 e6 7.Qd2 a6 8.O-O-O Bd7
9.f4 b5 10.Bxf6 gxf6 11.Kb1 Qb6 12.Nxc6 Bxc6 13.Bd3 b4 14.Ne2 h5 15.Rhe1 Rc8
16.Nc1 a5 17.f5 Bh6 18.Qe2 Bxc1 19.Rxc1 e5 20.c3 Ke7 21.cxb4 axb4 22.Bc4 Rc7
23.Rc2 Bb7 24.Rec1 Qd4 25.Bd3 Rxc2 26.Rxc2 Rc8 27.Rxc8 Bxc8 28.h4 Bb7 29.Qc2 d5
30.Be2 Kf8 31.Bxh5 dxe4 32.Be2 e3 33.Bd3 Bxg2 34.h5 Bd5 35.Kc1 Kg7 36.Qe2 Bxa2
37.h6+ Kxh6 38.Qh2+ Kg5 39.Qg3+ Qg4 40.Qxe3+ Qf4  0-1

[Event "ch-ROM (women)"]
[Site "Lasi ROM"]
[Date "1999.12.27"]
[Round "13"]
[White "Calota,A"]
[Black "Peptan,C"]
[Result "0-1"]
[WhiteElo "2096"]
[BlackElo "2419"]

1.e4 c5 2.Nf3 d6 3.d4 cxd4 4.Nxd4 Nf6 5.Nc3 Nc6 6.Bg5 e6 7.Qd2 a6 8.O-O-O h6
9.Be3 Bd7 10.f3 b5 11.g4 Ne5 12.Bd3 Rc8 13.h4 b4 14.Nce2 d5 15.g5 dxe4 16.Bxa6 Ra8
17.Bb5 Rxa2 18.Kb1 Qa8 19.Bxd7+ Nfxd7 20.Nb3 Rxb2+ 21.Kxb2 Nc4+ 22.Kb1 Nxd2+
23.Rxd2 exf3 24.Ned4 hxg5 25.Rhd1 Be7  0-1

[Event "It A"]
[Site "Paretana ESP"]
[Date "1999.12.28"]
[Round "2"]
[White "Vehi Bach,V"]
[Black "Garcia Ilundain,D"]
[Result "1/2-1/2"]
[WhiteElo "2389"]
[BlackElo "2510"]

1.e4 c5 2.Nf3 d6 3.d4 cxd4 4.Nxd4 Nf6 5.Nc3 Nc6 6.Bg5 e6 7.Qd2 h6 8.Bxf6 gxf6
9.O-O-O a6 10.f4 Bd7 11.Be2 h5 12.Rhf1 Qb6 13.Nb3 O-O-O 14.Rf3 Ne5  1/2-1/2

[Event "8th Danube Open"]
[Site "Aschach AUT"]
[Date "1999.12.29"]
[Round "6"]
[White "Sandhoefner,F"]
[Black "Videki,S"]
[Result "1/2-1/2"]
[WhiteElo "2233"]
[BlackElo "2445"]

1.e4 c5 2.Nf3 d6 3.d4 cxd4 4.Nxd4 Nf6 5.Nc3 Nc6 6.Bg5 Bd7 7.Qd2 Rc8 8.O-O-O Nxd4
9.Qxd4 Qa5 10.Bxf6 gxf6 11.f4 Rg8 12.Kb1 e6 13.g3 Be7 14.Be2 Qc5 15.Qd2 Kf8
16.Rhf1 b5 17.Bd3 b4 18.Ne2 Kg7 19.c4 a5 20.f5 e5 21.Rf3 Kh8  1/2-1/2

[Event "It A"]
[Site "Paretana ESP"]
[Date "1999.12.29"]
[Round "3"]
[White "Rahal,M"]
[Black "Vidarte Morales,A"]
[Result "1/2-1/2"]
[WhiteElo "2397"]
[BlackElo "2424"]

1.e4 c5 2.Nf3 d6 3.d4 cxd4 4.Nxd4 Nf6 5.Nc3 Nc6 6.Bg5 e6 7.Qd2 a6 8.O-O-O Bd7
9.f4 h6 10.Bxf6 Qxf6 11.Nf3 Qd8 12.h4 Qc7 13.g4 O-O-O 14.Kb1 Be7 15.Be2 Kb8
16.Qe3 Rc8 17.g5 Rhd8 18.Rhf1 hxg5 19.hxg5 b5 20.Bd3 Qa7 21.Qe1 Qc5 22.e5 d5
23.Ne2 g6 24.c3 Qb6 25.Ned4 b4 26.Nxc6+ Bxc6 27.cxb4 Bxb4 28.Qe2 Ka7 29.Rc1 a5
30.Qf2 d4 31.Nd2 Bd5 32.Rfd1 a4 33.Nc4 Bxc4 34.Rxc4 Rxc4 35.Bxc4 a3 36.Qc2 axb2
37.Bd3 Ba5 38.Be4 Bc3 39.Rh1 Qb5 40.Bd3 Qc6 41.Rh7 Rd7 42.Rh8 Rb7 43.Be4 Qb5
44.Bd3 Qb4 45.Be4 Qc4 46.Bd3 Qb4  1/2-1/2

[Event "Young Masters"]
[Site "Groningen NED"]
[Date "1999.12.30"]
[Round "11"]
[White "Mastrovasilis,D"]
[Black "Matnadze,A"]
[Result "1-0"]
[WhiteElo "2384"]
[BlackElo "2280"]

1.e4 c5 2.Nf3 d6 3.d4 cxd4 4.Nxd4 Nf6 5.Nc3 Nc6 6.Bg5 Bd7 7.Be2 Qa5 8.Bxf6 gxf6
9.O-O Nxd4 10.Qxd4 Rg8 11.Nd5 Bg7 12.Qd3 f5 13.b4 fxe4 14.Qxe4 Qd8 15.Rad1 Kf8
16.Bh5 e6 17.Ne3 d5 18.Nxd5 Qg5 19.Qf3 Be8 20.Nc7 Bf6 21.Nxe8 Rxe8 22.g3 Qf5
23.Qxf5 exf5 24.f4 Re7 25.Rd5 Kg7 26.c4 b6 27.Rxf5 Rc8 28.Rc1 Re4 29.Rd5 Rexc4
30.Rxc4 Rxc4 31.Rd7 Bd4+ 32.Kg2 Rxb4 33.Rxa7 Rb2+ 34.Kh3 Bg1 35.Bxf7 Rxh2+
36.Kg4 Rb2 37.Kg5 h6+ 38.Kf5 Bf2 39.g4 Bd4 40.Bb3+ Kf8 41.Rh7 Rf2 42.Rxh6 Be3
43.Rf6+ Kg7 44.Rf7+ Kh8 45.Rf8+ Kg7 46.Rf7+  1-0

[Event "ch-AUS"]
[Site "Mingara NSW AUS"]
[Date "1999.12.30"]
[Round "3"]
[White "Solomon,SJ"]
[Black "Dwyer,D"]
[Result "0-1"]
[WhiteElo "2435"]
[BlackElo "2144"]

1.e4 c5 2.Nf3 Nc6 3.d4 cxd4 4.Nxd4 Nf6 5.Nc3 d6 6.Bg5 e6 7.Qd2 Be7 8.O-O-O Nxd4
9.Qxd4 O-O 10.f4 Qa5 11.Bc4 Bd7 12.e5 dxe5 13.fxe5 Bc6 14.Kb1 Nd5 15.Bxd5 Bxg5
16.Bxc6 bxc6 17.Ne4 Rfd8 18.Qc5 Qxc5 19.Nxc5 Rxd1+ 20.Rxd1 Bf4 21.Nd3 Rd8
22.Rh1 Bd2 23.Rf1 Rd5 24.Rf3 Ba5 25.a4 Rd4 26.b3 Re4 27.Rf4 Rxf4 28.Nxf4 Bc3
29.Nd3 h5 30.b4 f6 31.Ka2 fxe5 32.Kb3 Bd4 33.Kc4 g5 34.h3 Ba1 35.c3 e4 36.Nc1 Kf7
37.Ne2 Kf6 38.Ng3 Ke5 39.Nxh5 e3 40.Ng3 Kf4 41.Ne2+ Ke4 42.g3 Kf3 43.Nd4+ Kxg3
44.b5 cxb5+ 45.axb5 Kf2 46.Nxe6 e2 47.Nc5 e1=Q 48.Nd3+ Ke2 49.Nxe1 Kxe1 50.Kd3 Kf2
51.c4 Kg3 52.Ke4 Kxh3 53.c5 Bf6 54.Kd5 Bd8 55.Kc6 g4 56.Kb7 g3 57.Kxa7 g2
58.b6 g1=Q 59.b7 Bc7 60.b8=R Bxb8+ 61.Kxb8 Qxc5  0-1